Gorakh sabadi: (Record no. 198748)

MARC details
000 -LEADER
fixed length control field 00630nam a22001937a 4500
005 - DATE AND TIME OF LATEST TRANSACTION
control field 20231110152624.0
010 ## - LCCN (DPL NO)
LC control number ENG-138255
020 ## - INTERNATIONAL STANDARD BOOK NUMBER
Terms of availability 500.00
International Standard Book Number 978935391383
035 ## - SYSTEM CONTROL NUMBER
System control number EN-121787
037 ## - SOURCE OF ACQUISITION
Source of stock number/acquisition DBAD/PUB
082 ## - DEWEY DECIMAL CLASSIFICATION NUMBER
Classification number 230
Item number 1
245 ## - TITLE STATEMENT
Title Gorakh sabadi:
Remainder of title The Sayings of Gorakh nath/
Statement of responsibility, etc Edited and translated by Yogi Surajnath, Guru Budhnath ji and Bhagavan Nath
250 ## - EDITION STATEMENT
Edition statement 3
260 ## - PUBLICATION, DISTRIBUTION, ETC. (IMPRINT)
Place of publication, distribution, etc India
Name of publisher, distributor, etc Yogi Surajnath
Date of publication, distribution, etc 2022
270 ## - ADDRESS
Address guru Budhnath ji,pimpri gawali,
City Ahmednager
Postal code 413703
300 ## - PHYSICAL DESCRIPTION
Extent 322p.
Dimensions 21cm.(Paper Cover)
700 ## - ADDED ENTRY--PERSONAL NAME
Personal name Yogi Surajnath
9 (RLIN) 57780
942 ## - ADDED ENTRY ELEMENTS (KOHA)
Source of classification or shelving scheme Dewey Decimal Classification
Item type English Books
Call number suffix GOR
Classification part 230
Edition 3
Holdings
Withdrawn status Lost status Not for loan Collection code Home library Current library Date acquired Source of acquisition Cost, normal purchase price Full call number Barcode Copy number Cost, replacement price Koha item type
      Non-fiction Bawana Bawana 10/10/2023 DBAD/PUB. 500.00 GOR 230 EN-121787 1 500.00 English Books

© Delhi Public Library
Hit Counter
free hit counter